[Event "Sparkassen-Open A"]
[Site "Heusenstamm, Martinsee"]
[Date "2024.11.22"]
[Round "2.38"]
[White "Raghavan, Badrinarayanan"]
[Black "Tran, Duy-Khang"]
[Result "1-0"]
[WhiteElo "1823"]
[BlackElo "1647"]
[PlyCount "45"]
[EventDate "2024.11.21"]
[WhiteTeam "SK 1858 Gießen"]
[BlackTeam "TSV 1869 e. V. Rottendorf"]

1. e4 c5 2. c4 Nc6 3. Nc3 g6 4. g3 Bg7 5. Bg2 d6 6. Nge2 Nf6 7. O-O h5 8. h4 a6 9. Rb1 Bg4 10. f3 Bd7 11. a3 Ne5 12. d3 b5 13. cxb5 Bxb5 14. Nxb5 axb5 15. f4 Nc6 16. e5 Nxe5 17. fxe5 dxe5 18. Bxa8 Qxa8 19. Nc3 e4 20. Nxb5 Qc6 21. a4 Ng4 22. dxe4 Be5 23. Qd5 1-0

[Event "Sparkassen-Open A"]
[Site "Heusenstamm, Martinsee"]
[Date "2024.11.22"]
[Round "2.39"]
[White "Wang, Enya Marie"]
[Black "Haftmann, Rainer"]
[Result "1-0"]
[WhiteElo "1647"]
[BlackElo "1809"]
[PlyCount "93"]
[EventDate "2024.11.21"]
[WhiteTeam "TSV Schönaich"]
[BlackTeam "SAbt SG 1945 Dietzenbach"]

1. e4 e5 2. Nf3 Nc6 3. Bc4 Be7 4. d4 d6 5. dxe5 dxe5 6. Qxd8+ Bxd8 7. Nc3 Nf6 8. Be3 O-O 9. Bc5 Re8 10. Ng5 Be6 11. Nxe6 fxe6 12. Bb5 a6 13. Bxc6 bxc6 14. O-O-O Be7 15. Bxe7 Rxe7 16. f3 Nd7 17. Na4 Nb6 18. Nc5 a5 19. Rd3 Kf7 20. Rhd1 a4 21. a3 Ra5 22. Rc3 Ra7 23. Nd3 Kf6 24. Nb4 Rd7 25. Rxd7 Nxd7 26. Rxc6 Ke7 27. Na6 Kd8 28. Rxe6 Rb7 29. Nb4 c5 30. Nd5 Ra7 31. Re7 Ra6 32. Rxg7 Rg6 33. Rxg6 hxg6 34. Kd2 Nb8 35. Nb6 Ke7 36. Nxa4 Nd7 37. Kc3 Kd6 38. Kc4 Kc6 39. h3 g5 40. b3 Kd6 41. Kb5 Nf6 42. g4 Nd7 43. c3 Nf8 44. Nxc5 Ng6 45. Kb6 Nf4 46. a4 Nxh3 47. a5 1-0

[Event "Sparkassen-Open A"]
[Site "Heusenstamm, Martinsee"]
[Date "2024.11.22"]
[Round "2.40"]
[White "Laznik, Zeljko"]
[Black "Bardorz, Christoph"]
[Result "0-1"]
[WhiteElo "1630"]
[BlackElo "1787"]
[PlyCount "68"]
[EventDate "2024.11.21"]
[WhiteTeam "SF Heusenstamm"]
[BlackTeam "TSV 1869 e. V. Rottendorf"]

1. e4 e5 2. Nc3 Nf6 3. Nf3 Nc6 4. Bc4 Nxe4 5. Nxe4 d5 6. Bxd5 Qxd5 7. Nc3 Qd8 8. h3 Bd6 9. d3 O-O 10. a3 a6 11. Be3 f5 12. Bg5 Qe8 13. Be3 Nd4 14. Bxd4 exd4+ 15. Ne2 c5 16. O-O h6 17. Re1 Qf7 18. Qd2 Bd7 19. Nh2 Bc6 20. f4 Rae8 21. Rf1 Qg6 22. Rf2 Re6 23. Kf1 Rfe8 24. Ng1 Qg3 25. Ne2 Qxh2 26. c3 Rxe2 27. Rxe2 Rxe2 28. Qxe2 Qh1+ 29. Kf2 Qxg2+ 30. Ke1 Qg3+ 31. Kd2 Qxf4+ 32. Kc2 Qe3 33. Qh5 dxc3 34. bxc3 Ba4+ 0-1

[Event "Sparkassen-Open A"]
[Site "Heusenstamm, Martinsee"]
[Date "2024.11.22"]
[Round "2.41"]
[White "Lerch, Cornelia"]
[Black "Goodwin, David"]
[Result "1-0"]
[WhiteElo "1787"]
[BlackElo "1627"]
[PlyCount "61"]
[EventDate "2024.11.21"]
[WhiteTeam "SK 1980 Gernsheim"]
[BlackTeam "SV 1920 Kelsterbach"]

1. e4 g6 2. d4 Bg7 3. Nf3 d6 4. h3 a6 5. Bd3 Nd7 6. O-O e5 7. c3 Ne7 8. Be3 O-O 9. Qd2 f5 10. exf5 Nxf5 11. Bg5 Qe8 12. Re1 h6 13. Bxf5 Rxf5 14. Bxh6 Bxh6 15. Qxh6 Rh5 16. Qe3 Qe7 17. Nbd2 Nf6 18. dxe5 dxe5 19. Nxe5 Kg7 20. Qg3 Bf5 21. Nxg6 Qc5 22. Nf4+ Kf7 23. Nxh5 Nxh5 24. Qe5 Qxe5 25. Rxe5 Kf6 26. Rae1 Nf4 27. R5e3 Rg8 28. g4 Bd7 29. Rf3 Bxg4 30. Rxf4+ Kg5 31. Rxg4+ 1-0

[Event "Sparkassen-Open A"]
[Site "Heusenstamm, Martinsee"]
[Date "2024.11.22"]
[Round "2.42"]
[White "Kaiser, Danny"]
[Black "Steinke, Hans-Jörg"]
[Result "1-0"]
[WhiteElo "1627"]
[BlackElo "1742"]
[PlyCount "39"]
[EventDate "2024.11.21"]
[WhiteTeam "SC Bad Nauheim"]
[BlackTeam "Schachverein Erkenschwick 1923 e"]

1. d4 d5 2. c4 e6 3. Nc3 Nf6 4. e3 Be7 5. Nf3 Nbd7 6. Bd3 O-O 7. O-O a6 8. b3 c5 9. cxd5 exd5 10. Bb2 cxd4 11. Nxd4 Ne5 12. h3 Nc6 13. Nce2 Nxd4 14. Nxd4 Re8 15. Rc1 Bd7 16. Qf3 Rc8 17. Rxc8 Bxc8 18. Rc1 Be6 19. Nf5 Bf8 20. Nh6+ 1-0

[Event "Sparkassen-Open A"]
[Site "Heusenstamm, Martinsee"]
[Date "2024.11.22"]
[Round "2.43"]
[White "Bengsch, Norbert"]
[Black "Liu, Jonas"]
[Result "0-1"]
[WhiteElo "1740"]
[BlackElo "1602"]
[PlyCount "98"]
[EventDate "2024.11.21"]
[WhiteTeam "SG Donautal Tuttlingen"]
[BlackTeam "SV Oberursel"]

1. e4 c5 2. Nf3 Nc6 3. c3 Nf6 4. e5 Nd5 5. d4 cxd4 6. cxd4 e6 7. Bc4 Nb6 8. Bb3 d6 9. O-O dxe5 10. dxe5 Qxd1 11. Rxd1 Bd7 12. Be3 Na5 13. Bxb6 axb6 14. Nc3 Be7 15. Ba4 Bxa4 16. Nxa4 Nc4 17. b3 b5 18. Nc3 b4 19. Nb5 Rc8 20. bxc4 Rxc4 21. Rac1 Rxc1 22. Rxc1 O-O 23. Kf1 b6 24. Nd6 f6 25. Rc8 Bxd6 26. Rxf8+ Bxf8 27. Ke2 Kf7 28. exf6 gxf6 29. Nd2 e5 30. Kd3 b5 31. g4 Kg6 32. h4 f5 33. f3 h5 34. g5 Bc5 35. Ke2 Kf7 36. Nf1 Be7 37. Ng3 Kg6 38. Nf1 Bxg5 39. hxg5 Kxg5 40. Kf2 Kf4 41. Ng3 h4 42. Ne2+ Kg5 43. Kg2 e4 44. fxe4 fxe4 45. Kh3 e3 46. Nd4 Kf4 47. Kxh4 Ke4 48. Nc2 Kd3 49. Nxb4+ Kd2 0-1

[Event "Sparkassen-Open A"]
[Site "Heusenstamm, Martinsee"]
[Date "2024.11.22"]
[Round "2.44"]
[White "Wolf, Helena"]
[Black "Mensendiek, Theodor"]
[Result "1/2-1/2"]
[WhiteElo "1598"]
[BlackElo "1732"]
[PlyCount "121"]
[EventDate "2024.11.21"]
[WhiteTeam "SK Bad Homburg 1927"]
[BlackTeam "SF Heusenstamm"]

1. e4 e5 2. Nf3 Nc6 3. Bc4 d6 4. d4 Bg4 5. h3 Bh5 6. c3 Nf6 7. d5 Nb8 8. Nbd2 Be7 9. Qb3 Qc8 10. Nh4 O-O 11. Nf5 Bd8 12. g4 Bg6 13. Rg1 Nbd7 14. Qc2 a6 15. Be2 h6 16. h4 Kh8 17. g5 hxg5 18. hxg5 Nh7 19. Nf3 f6 20. N3h4 Be8 21. gxf6 Bxf6 22. Ng6+ Bxg6 23. Rxg6 Qe8 24. Bh5 Rg8 25. Qe2 Ndf8 26. Rxg7 Qd8 27. Rxg8+ Kxg8 28. Qg4+ Bg5 29. Bxg5 Qxg5 30. Ke2 Qxg4+ 31. Bxg4 Nf6 32. Bf3 N8d7 33. b4 Kf7 34. Rc1 Nb6 35. c4 Nbd7 36. c5 dxc5 37. bxc5 b6 38. cxb6 cxb6 39. Rc6 Nc5 40. Ke3 Ncd7 41. Be2 b5 42. f4 exf4+ 43. Kxf4 Kf8 44. d6 Re8 45. Bf3 a5 46. Ne7 b4 47. e5 Ng8 48. Bh5 Rb8 49. Rc8+ Rxc8 50. Nxc8 Nc5 51. Nb6 Nh6 52. Bg6 a4 53. Nxa4 Nxa4 54. e6 Ng8 55. e7+ Nxe7 56. dxe7+ Kxe7 57. Bc2 Nc3 58. Bb3 Kd6 59. Ke3 Kc5 60. Kd3 Nxa2 61. Bxa2 1/2-1/2

[Event "Sparkassen-Open A"]
[Site "Heusenstamm, Martinsee"]
[Date "2024.11.22"]
[Round "2.45"]
[White "Jeuken, Thomas"]
[Black "Probstfeld, Bernd"]
[Result "1/2-1/2"]
[WhiteElo "1583"]
[BlackElo "1730"]
[PlyCount "60"]
[EventDate "2024.11.21"]
[WhiteTeam "Schachverein Opladen 1922 e. V."]
[BlackTeam "SG Pieroth/Burg Layen"]

1. d4 Nf6 2. c4 e6 3. Nc3 Be7 4. e4 d5 5. e5 Nfd7 6. Qg4 g6 7. Bh6 f5 8. Qg3 dxc4 9. O-O-O Nb6 10. f4 c6 11. Nf3 Na6 12. Qh3 Bf8 13. Bxf8 Kxf8 14. Qh6+ Kg8 15. Be2 Qe7 16. Nd2 Nd5 17. Nxc4 Nxc3 18. bxc3 Nc7 19. Nd6 Ne8 20. Nxe8 Qxe8 21. Qh4 Qf8 22. Kb2 b5 23. Bf3 Bd7 24. Ra1 Rb8 25. a3 a5 26. Rhe1 Kg7 27. Kc2 Qd8 28. Qf2 Qe7 29. Kd2 Rhc8 30. Kc1 Rc7 1/2-1/2

[Event "Sparkassen-Open A"]
[Site "Heusenstamm, Martinsee"]
[Date "2024.11.22"]
[Round "2.47"]
[White "Rafikov, Damir"]
[Black "Boder, Jörg"]
[Result "1-0"]
[WhiteElo "1709"]
[BlackElo "1595"]
[PlyCount "97"]
[EventDate "2024.11.21"]
[WhiteTeam "SK 1947 Sandhausen e.V."]
[BlackTeam "SC ML Kastellaun"]

1. e4 e5 2. Nf3 Nc6 3. Bc4 Nf6 4. d3 Be7 5. Bg5 d5 6. Bxf6 dxc4 7. Bxe7 Nxe7 8. Nxe5 cxd3 9. Qxd3 O-O 10. Nc3 Qxd3 11. Nxd3 b6 12. O-O-O Bb7 13. f3 f5 14. Rhe1 fxe4 15. Nxe4 Ng6 16. b3 Nh4 17. Rd2 Rad8 18. Ree2 Ba6 19. c4 Bc8 20. Ne1 Nf5 21. Rxd8 Rxd8 22. Rd2 Rxd2 23. Kxd2 Bd7 24. g4 Ne7 25. Nd3 Nc6 26. Kc3 a5 27. a4 Kf8 28. c5 Ke7 29. cxb6 cxb6 30. b4 h6 31. b5 Nd8 32. Ne5 Be8 33. Kc4 Bf7+ 34. Nxf7 Kxf7 35. Kd5 Ke7 36. h4 Ne6 37. Ke5 Nf8 38. h5 Nd7+ 39. Kd5 Ke8 40. f4 Ke7 41. g5 Nf8 42. gxh6 gxh6 43. Kc6 Nd7 44. Nc3 Nf6 45. Nd5+ Nxd5 46. Kxd5 Kd7 47. f5 Ke7 48. Kc6 Kf6 49. Kxb6 1-0

[Event "Sparkassen-Open A"]
[Site "Heusenstamm, Martinsee"]
[Date "2024.11.22"]
[Round "2.48"]
[White "Neff, Oliver"]
[Black "Matsoukas, Konstantinos"]
[Result "1/2-1/2"]
[WhiteElo "1700"]
[BlackElo "1584"]
[PlyCount "132"]
[EventDate "2024.11.21"]
[WhiteTeam "SG Wartturm Schaafheim"]
[BlackTeam "SAbt TuS Makkabi Ffm"]

1. e4 d5 2. exd5 Qxd5 3. Nc3 Qa5 4. d3 Nf6 5. Bd2 c6 6. Ne4 Qf5 7. Qe2 Nxe4 8. Qxe4 e5 9. Nf3 Bd6 10. Bc3 O-O 11. O-O-O Re8 12. Re1 Qxe4 13. dxe4 Bg4 14. Nd2 Nd7 15. Bc4 b5 16. Bb3 a5 17. a4 b4 18. Nc4 Bc5 19. Bd2 Bxf2 20. Ref1 Bc5 21. Ne3 Be6 22. Bxe6 Rxe6 23. Nc4 Nb6 24. Nxb6 Bxb6 25. b3 Rd6 26. Re1 Rad8 27. Re2 Bd4 28. Rf1 Bb2+ 29. Kxb2 Rxd2 30. Rff2 Rxe2 31. Rxe2 Kf8 32. c3 c5 33. Kc2 Ke7 34. c4 Rd4 35. Re3 f6 36. g4 Kf7 37. h4 Ke6 38. Re2 g6 39. h5 f5 40. hxg6 hxg6 41. gxf5+ gxf5 42. exf5+ Kxf5 43. Rf2+ Rf4 44. Rh2 Ke4 45. Rd2 Rf6 46. Re2+ Kf5 47. Rd2 Re6 48. Rd5 Rc6 49. Kd3 Kf4 50. Rd8 Rf6 51. Re8 Rd6+ 52. Ke2 Ke4 53. Ra8 Rd3 54. Rxa5 Rxb3 55. Rxc5 Kd4 56. Rd5+ Kxc4 57. Rxe5 Ra3 58. a5 Kc3 59. Rc5+ Kb2 60. Kd2 b3 61. Rb5 Ka1 62. Kc1 b2+ 63. Rxb2 Rc3+ 64. Rc2 Ra3 65. Rc5 Ka2 66. Kc2 Ka1 1/2-1/2

[Event "Sparkassen-Open A"]
[Site "Heusenstamm, Martinsee"]
[Date "2024.11.22"]
[Round "2.49"]
[White "Baumgart, Jost"]
[Black "Plotnikow, Jewgeni"]
[Result "0-1"]
[WhiteElo "1569"]
[BlackElo "1700"]
[PlyCount "46"]
[EventDate "2024.11.21"]
[WhiteTeam "SK Marburg 1931/72"]
[BlackTeam "SK Gründau"]

1. e4 c5 2. Nf3 Nc6 3. d4 cxd4 4. Nxd4 Qa5+ 5. Nc3 Nf6 6. f3 e5 7. Nb3 Qb6 8. a4 Bb4 9. Bd2 O-O 10. a5 Bxa5 11. Nxa5 Nxa5 12. Nd5 Nxd5 13. Rxa5 Nf6 14. Rc5 Qxb2 15. Rb5 Qd4 16. Bd3 Re8 17. Bf4 d5 18. Qb1 dxe4 19. fxe4 Nxe4 20. Rb4 Qf2+ 21. Kd1 Nc3+ 22. Kc1 Nxb1 23. Rxb1 Qxf4+ 0-1

[Event "Sparkassen-Open A"]
[Site "Heusenstamm, Martinsee"]
[Date "2024.11.22"]
[Round "2.50"]
[White "Kirchner, Stefan"]
[Black "Kim, David"]
[Result "1/2-1/2"]
[WhiteElo "1699"]
[BlackElo "1568"]
[PlyCount "125"]
[EventDate "2024.11.21"]
[WhiteTeam "SF Schöneck"]
[BlackTeam "SV 1920 Hofheim"]

1. e4 c5 2. Nf3 e6 3. c4 Nc6 4. Nc3 a6 5. d4 cxd4 6. Nxd4 Bb4 7. Be3 Nf6 8. f3 Qb6 9. Nc2 Bxc3+ 10. bxc3 Qc7 11. Bg5 Qa5 12. Bf4 Qe5 13. Qd6 Qxd6 14. Bxd6 Ng8 15. Be2 Nge7 16. O-O O-O 17. Rab1 Re8 18. Nd4 e5 19. Nxc6 Nxc6 20. Rb6 Re6 21. Rd1 h6 22. Rd5 Kh7 23. Kf2 Rg6 24. g3 Rf6 25. c5 Re6 26. Bf1 f6 27. Bh3 Re8 28. Bc7 Na5 29. Bf5+ Kh8 30. Rb4 Nc6 31. Rb2 Ne7 32. Rd6 Nxf5 33. exf5 Kg8 34. g4 Kf7 35. Re2 Ra7 36. Bb6 Ra8 37. f4 exf4 38. Rxe8 Kxe8 39. Kf3 a5 40. a4 Ra6 41. Kxf4 Ke7 42. h4 Ke8 43. g5 hxg5+ 44. hxg5 fxg5+ 45. Kxg5 Kf7 46. Kh5 Ra8 47. Bc7 Ra6 48. Kg5 Rc6 49. Bb6 Ke7 50. Kg6 Kf8 51. f6 gxf6 52. Kxf6 Ke8 53. Ke5 Ke7 54. Kd5 Ke8 55. Bxa5 Ra6 56. Rxa6 bxa6 57. Kd6 Bb7 58. Bb6 Bc6 59. a5 Bb5 60. Kc7 Ke7 61. Kc8 Ke6 62. Bd8 Kd5 63. Bb6 1/2-1/2

[Event "Sparkassen-Open A"]
[Site "Heusenstamm, Martinsee"]
[Date "2024.11.22"]
[Round "2.51"]
[White "Englert, Ann"]
[Black "Hüttinger, Siegfried"]
[Result "0-1"]
[WhiteElo "1567"]
[BlackElo "1697"]
[PlyCount "66"]
[EventDate "2024.11.21"]
[WhiteTeam "TV-Großostheim 1900 e.V."]
[BlackTeam "SC Königsspringer Alzenau e.V"]

1. d4 d5 2. c4 Nf6 3. Nc3 e6 4. cxd5 Nxd5 5. e4 Nxc3 6. bxc3 c6 7. Nf3 Be7 8. Be2 Nd7 9. O-O O-O 10. Bf4 Nf6 11. e5 Nd5 12. Bd2 b5 13. c4 bxc4 14. Bxc4 Nb6 15. Bb3 Nd5 16. Rc1 Qb6 17. Qc2 Bb7 18. Rb1 Qc7 19. Bxd5 exd5 20. Rfc1 Rfc8 21. Bg5 h6 22. Bxe7 Qxe7 23. Nd2 Ba6 24. Nb3 f6 25. Nc5 Bc4 26. Re1 fxe5 27. Rxe5 Qh4 28. Rd1 Re8 29. Rxe8+ Rxe8 30. g3 Qg4 31. Rd2 Re1+ 32. Kg2 Bf1+ 33. Kg1 Bh3# 0-1

[Event "Sparkassen-Open A"]
[Site "Heusenstamm, Martinsee"]
[Date "2024.11.22"]
[Round "2.52"]
[White "Wambach, Johannes"]
[Black "Verin, Eric"]
[Result "1-0"]
[WhiteElo "1550"]
[BlackElo "1693"]
[PlyCount "80"]
[EventDate "2024.11.21"]
[WhiteTeam "SK 1982 Klingenberg e.V."]
[BlackTeam "SC Bergen-Enkheim 1922"]

1. e4 d6 2. d4 Nf6 3. Nc3 g6 4. f4 Bg7 5. Bc4 c6 6. Bb3 b5 7. a3 a5 8. Nf3 Bb7 9. e5 dxe5 10. fxe5 Nd5 11. Nxd5 cxd5 12. O-O e6 13. Bd2 Nc6 14. Qc1 Qb6 15. c3 O-O 16. Bh6 b4 17. Bxg7 Kxg7 18. cxb4 axb4 19. Qc5 Qxc5 20. dxc5 bxa3 21. bxa3 Ra5 22. Rfc1 Rfa8 23. a4 Rc8 24. Rc3 Nb4 25. Rac1 Bc6 26. Nd4 Bxa4 27. Ra1 Rca8 28. Bxa4 Rxa4 29. Rxa4 Rxa4 30. c6 Nxc6 31. Nxc6 Rc4 32. Rxc4 dxc4 33. Kf2 Kf8 34. Ke3 Ke8 35. Kd4 Kd7 36. Nb4 c3 37. Kxc3 Kc7 38. Kd4 Kb6 39. Nd3 Kc6 40. Nf2 Kd7 1-0

[Event "Sparkassen-Open A"]
[Site "Heusenstamm, Martinsee"]
[Date "2024.11.22"]
[Round "2.53"]
[White "Müller, Jens"]
[Black "Hellmann, Alexander"]
[Result "0-1"]
[WhiteElo "1684"]
[BlackElo "1556"]
[PlyCount "150"]
[EventDate "2024.11.21"]
[WhiteTeam "SV 1920 Hofheim"]
[BlackTeam "SJ Herborn 1998"]

1. e4 e5 2. Nf3 Nc6 3. Bc4 Bc5 4. O-O Nf6 5. d3 d6 6. c3 O-O 7. Nbd2 Bg4 8. Re1 Qd7 9. a4 a6 10. Nf1 Ne7 11. h3 Be6 12. Bxe6 Qxe6 13. Ng3 Ng6 14. Be3 Nd7 15. d4 exd4 16. cxd4 Bb6 17. a5 Ba7 18. Rc1 Rfc8 19. Qd2 Qb3 20. Rc2 c6 21. Nf5 d5 22. e5 Re8 23. Nd6 Red8 24. Rc3 Qb4 25. Qc2 Bb8 26. Bd2 Bxd6 27. Rxc6 bxc6 28. Bxb4 Bxb4 29. Rc1 c5 30. Qf5 Ra7 31. Ng5 Ndf8 32. dxc5 h6 33. Nf3 Bxa5 34. Nd4 Rc7 35. e6 Re8 36. exf7+ Rxf7 37. Qxd5 Rd8 38. Qe4 Rf4 39. Qc6 Rfxd4 40. Qxa6 Rd1+ 41. Rxd1 Rxd1+ 42. Kh2 Bc7+ 43. g3 Rd2 44. Kg2 Rxb2 45. h4 Ne5 46. Qa8 Ng4 47. Qd5+ Kh8 48. Qa8 Rxf2+ 49. Kh3 Ne3 50. Qe4 Rg2 51. Qxe3 Rxg3+ 52. Qxg3 Bxg3 53. Kxg3 Ne6 54. c6 Kg8 55. Kg4 Kf7 56. Kh5 Kf6 57. Kg4 Kg6 58. Kh3 Kf5 59. Kg3 h5 60. Kh3 Ke5 61. Kg3 Kd6 62. c7 Kxc7 63. Kf3 Kd7 64. Ke4 Ke7 65. Ke5 Kf7 66. Kf5 g6+ 67. Ke5 Ke7 68. Ke4 Kf6 69. Ke3 Kf5 70. Kf3 Nd4+ 71. Kg3 Ne2+ 72. Kf3 Nd4+ 73. Kg3 Ke4 74. Kg2 Kf4 75. Kh3 Kf3 0-1

[Event "Sparkassen-Open A"]
[Site "Heusenstamm, Martinsee"]
[Date "2024.11.22"]
[Round "2.54"]
[White "El-Lawindy, Asem"]
[Black "Aravindhan, Aadvik"]
[Result "0-1"]
[WhiteElo "1680"]
[BlackElo "1529"]
[PlyCount "112"]
[EventDate "2024.11.21"]
[WhiteTeam "VSG 1880 Offenbach"]
[BlackTeam "Club Zukertort"]

1. d4 e6 2. Nf3 d5 3. e3 Nf6 4. Bd3 Be7 5. Nbd2 O-O 6. O-O Nbd7 7. c3 c5 8. Qe2 c4 9. Bc2 Qc7 10. e4 Nb6 11. Re1 Re8 12. e5 Nfd7 13. Nf1 f5 14. Bg5 Nf8 15. Ng3 Qd8 16. Qd2 Bxg5 17. Nxg5 Bd7 18. Nf3 Na4 19. b3 Nb6 20. a4 a5 21. Qg5 Qxg5 22. Nxg5 h6 23. Nf3 Rac8 24. Reb1 cxb3 25. Rxb3 Nxa4 26. Rxb7 Nxc3 27. Bd3 a4 28. Ne2 Nxe2+ 29. Bxe2 Ra8 30. Bb5 Bxb5 31. Rxb5 Ng6 32. g3 f4 33. Rb4 a3 34. Rb3 a2 35. Rb2 fxg3 36. hxg3 Rf8 37. Kg2 Ra3 38. Ne1 Rfa8 39. Nc2 R3a4 40. Rb4 Rxb4 41. Nxb4 Ra4 42. Nc2 Ne7 43. Kh3 Nf5 44. g4 Nxd4 45. Nxd4 Rxd4 46. Rxa2 Re4 47. Ra7 Rxe5 48. Kg3 d4 49. f4 Re3+ 50. Kf2 e5 51. f5 Re4 52. Kg3 d3 53. Kf3 d2 54. Kxe4 d1=Q 55. Kxe5 Qe2+ 56. Kf4 Qf2+ 0-1

[Event "Sparkassen-Open A"]
[Site "Heusenstamm, Martinsee"]
[Date "2024.11.22"]
[Round "2.56"]
[White "Pishnograev, Ilya"]
[Black "Faisz, David"]
[Result "0-1"]
[WhiteElo "1667"]
[BlackElo "1525"]
[PlyCount "56"]
[EventDate "2024.11.21"]
[WhiteTeam "SK Bad Homburg 1927"]
[BlackTeam "SK 1926 Ettlingen"]

1. e4 e6 2. d4 d5 3. exd5 exd5 4. Bd3 Nf6 5. Nf3 Bd6 6. O-O O-O 7. Re1 Bg4 8. h3 Bh5 9. c4 c6 10. c5 Bc7 11. Nbd2 Nbd7 12. Nf1 Qb8 13. g3 Re8 14. Rxe8+ Qxe8 15. g4 Bg6 16. Bxg6 fxg6 17. Bg5 Qe4 18. Ng3 Bxg3 19. fxg3 Rf8 20. Bf4 h6 21. Bd6 Rf7 22. Ne5 Nxe5 23. dxe5 Qe3+ 24. Kg2 Ne4 25. e6 Rf2+ 26. Kh1 Nxg3+ 27. Kg1 Rh2+ 28. Kxh2 Qf2# 0-1

[Event "Sparkassen-Open A"]
[Site "Heusenstamm, Martinsee"]
[Date "2024.11.22"]
[Round "2.57"]
[White "Niesel, Markus"]
[Black "Klockhaus, Daniel"]
[Result "1-0"]
[WhiteElo "1519"]
[BlackElo "1666"]
[PlyCount "51"]
[EventDate "2024.11.21"]
[WhiteTeam "SV 1934 Ffm-Griesheim"]
[BlackTeam "SJ Herborn 1998"]

1. e4 c6 2. d4 d5 3. e5 Bf5 4. Nf3 e6 5. Bf4 Nd7 6. Nbd2 Rc8 7. Nb3 Ne7 8. Be2 Ng6 9. Bg3 Be7 10. Qd2 Be4 11. O-O-O c5 12. Kb1 c4 13. Na5 Qb6 14. Nxc4 dxc4 15. Qe3 Bf5 16. Qc1 Ba3 17. Ka1 Be7 18. c3 Qc6 19. Nd2 b5 20. Bf3 Qb6 21. h4 h5 22. Be4 Bxe4 23. Nxc4 Qb7 24. f3 Nb6 25. Rdf1 Bxh4 26. Nd6+ 1-0

[Event "Sparkassen-Open A"]
[Site "Heusenstamm, Martinsee"]
[Date "2024.11.22"]
[Round "2.58"]
[White "Tobias, Christian"]
[Black "Junkers, Günter"]
[Result "1-0"]
[WhiteElo "1663"]
[BlackElo "1496"]
[PlyCount "55"]
[EventDate "2024.11.21"]
[WhiteTeam "SV Oberursel"]
[BlackTeam "SSG Rödermark/Eppertshausen"]

1. e4 e5 2. Nf3 Nc6 3. Bc4 d5 4. Bxd5 Nh6 5. d3 Nb4 6. Bb3 Bc5 7. a3 Nc6 8. Nc3 Ng4 9. O-O Be6 10. h3 Bxb3 11. cxb3 Nf6 12. Bg5 h6 13. Bh4 Be7 14. b4 Qd6 15. Bxf6 Qxf6 16. Nd5 Qd6 17. Rc1 Bd8 18. d4 Nxd4 19. Nxd4 Bg5 20. Nf5 Bxc1 21. Nxd6+ Kd7 22. Qxc1 c6 23. Nxf7 Rhc8 24. Ne3 Ke6 25. Qc4+ Kd7 26. Nxe5+ Ke7 27. Qf7+ Kd6 28. N5c4# 1-0